[Event "26th Bosnjaci Open 2022"]
[Site "Bosnjaci"]
[Date "2022.01.03"]
[Round "1.14"]
[White "Simrak, Tomislav"]
[Black "Dabic, Stjepan"]
[Result "*"]
[WhiteElo "1745"]
[BlackElo "2161"]
[Annotator "TA"]
[PlyCount "120"]
[EventDate "2022.01.03"]
[EventType "swiss"]
[EventCountry "CRO"]
[SourceTitle "playchess.com"]
[Source "ChessBase"]
[SourceQuality "1"]

{[%evp 9,120,-34,-27,-54,-57,-60,-24,-64,-24,-39,-24,-20,-23,-22,-17,-25,-28,-10,-13,-33,-31,-62,-54,-45,12,-41,56,-5,49,8,7,6,69,72,147,157,257,252,236,145,200,142,340,337,338,335,395,385,374,372,372,371,352,358,418,316,734,720,670,466,437,437,498,445,431,374,366,371,357,356,343,232,301,201,170,23,41,25,81,0,0,-25,0,0,0,-8,-8,-65,-88,-112,-14,-26,0,-165,0,-6,0,0,0,0,67,68,71,0,0,0,75,0,0,0,0,0,0]} 1. g3 g6 2. Bg2 Bg7 3. Nh3 Nf6 4. f3 O-O 5. Nf2 d5 6. e3 {A00: Irregular Openings.} e5 7. d3 {[#]} b6 $146 ({Predecessor:} 7... Nc6 8. c3 Be6 9. O-O Qd7 10. Na3 Ne8 11. Nc2 f5 12. Qe2 Rd8 13. Re1 Nd6 {1-0 (30) Lange,S (2258)-Kaminski,R (1774) Playchess.com INT 2020}) 8. O-O {Black has an edge.} Bb7 9. c3 c5 10. Na3 Re8 11. e4 Nbd7 12. Bg5 h6 13. Bd2 Nf8 14. Re1 Qd7 15. Qc2 Rad8 16. Rad1 {[%cal Od3d4]} d4 (16... Ne6 $15) 17. f4 (17. cxd4 $11 Qxd4 18. Nc4 (18. Nb5 Qd7 $15)) 17... Qc6 (17... exf4 $15 18. Bxf4 Nh5) 18. Nc4 (18. cxd4 $1 $14 exd4 19. Nc4) 18... N6d7 (18... exf4 $11 19. Bxf4 Ne6) 19. fxe5 (19. cxd4 $1 $14 exd4 20. Bh3) 19... Nxe5 $11 20. Nxe5 Bxe5 ({Black should try} 20... Rxe5 $11 21. cxd4 cxd4 22. Qxc6 Bxc6) 21. Bxh6 $14 Ne6 (21... Nh7 $142) 22. Ng4 $16 Bg7 (22... Bh8 $16 23. c4 f5) 23. Bxg7 $18 Kxg7 24. c4 Rh8 (24... Nf8 $16 {might work better.}) 25. Qf2 $40 {[%mdl 128] Rf1 is the strong threat. White attacks with force.} Rh7 $2 (25... Nf8 $16 26. b4 (26. Rf1 Qe6 $16) 26... Qe6) 26. Rf1 Qc7 27. Nf6 Rh6 28. Nd5 (28. Ng4 Rh5 29. Nf6 Re5 $18) 28... Bxd5 29. exd5 (29. cxd5 Nf8 30. e5 Qxe5 31. Qxf7+ Kh8 $18) 29... Nf8 30. Qf6+ Kg8 31. Rde1 {Hoping for Re7.} Rd7 {Prevents Re7.} 32. Re8 {Inhibits Qb8.} Rh7 $2 (32... Qd6 33. Qxd6 Rxd6) 33. Rfe1 {[%cal Oe1e6] Black must now prevent R1e6!} Qd6 {Inhibits R1e6.} 34. Qxd6 Rxd6 35. R1e7 a5 36. Rb7 Kg7 37. Reb8 Rh8 38. Rxb6 Rxb6 39. Rxb6 {[%mdl 4096] Endgame KRB-KRN} Nd7 40. Rb3 Ne5 41. h3 a4 {[#]} 42. Ra3 (42. Rb5 $1 $18) 42... Rb8 $11 43. b3 (43. g4 $5 {[%cal Rg2e4]}) 43... axb3 (43... Nxd3 $11 44. Rxa4 (44. bxa4 Rb1+ 45. Bf1 Ne5 $11) 44... Re8) 44. axb3 (44. Rxb3 $16 Rxb3 45. axb3) 44... Nxd3 45. d6 Rb6 46. d7 ({Reject} 46. b4 Nxb4 47. d7 Rd6 $17) 46... Rd6 $1 47. Ra7 Ne5 48. Bd5 ({Better is} 48. Kf2 $11) 48... Rxd7 $15 49. Ra5 {[#]} Rc7 (49... Nd3 $1 $17 {And now ...Re7 would win.} 50. Bg2 (50. Be4 Nb4 $17) 50... Rc7) 50. Kf2 $11 Re7 51. Rb5 $2 (51. Be4 $1 $11 {and White has nothing to worry.}) 51... Rc7 $2 (51... Nd3+ $19 52. Kf1 Re3) 52. Ke2 g5 53. Kd2 f5 54. Rb8 Kf6 (54... Re7 $11) 55. Rf8+ $1 $14 Kg6 56. Rg8+ Kf6 57. Rf8+ Kg6 58. Rg8+ (58. Re8 $16 Nd7 59. Re7) 58... Kf6 $11 {The position is equal.} 59. Re8 {Threatens to win with Re6+.} Ng6 60. Re6+ Kg7 {Blacks defense is rewarded with a draw.  Weighted Error Value: White=0.35/Black=0.33} *

[Event "26th Bosnjaci Open 2022"]
[Site "Bosnjaci"]
[Date "2022.01.03"]
[Round "1.15"]
[White "Miletic, Josip"]
[Black "Pleh, Semir"]
[Result "0-1"]
[WhiteElo "2161"]
[BlackElo "1782"]
[Annotator "TA"]
[PlyCount "102"]
[EventDate "2022.01.03"]
[EventType "swiss"]
[EventCountry "CRO"]
[SourceTitle "playchess.com"]
[Source "ChessBase"]
[SourceQuality "1"]

{[%evp 15,102,14,45,43,59,59,50,14,62,54,74,49,110,98,93,77,72,80,69,70,74,67,77,74,78,31,40,18,12,0,11,-1,-1,0,12,12,12,0,0,0,0,-9,-7,-7,-1,-43,-43,-65,-62,-65,-65,-65,-65,-85,-85,-134,-134,-134,-65,-77,-65,-156,-131,-512,-489,-491,-382,-654,-643,-1412,-557,-517,-535,-524,-418,-502,-479,-4055,-181,-2493,-2134,-29984,-29985,-29985,-29986,-29986,-29985,-29993,-29994]} 1. d4 Nf6 2. Nf3 g6 3. c4 Bg7 4. Nc3 d6 5. Bg5 O-O 6. e3 Nbd7 7. Be2 b6 8. O-O Bb7 (8... h6 $5 {[%cal Rh6g5]} 9. Bh4 Bb7 $11) 9. Qc2 {E61: King's Indian: Early deviations for White, including Smyslov System.} c5 10. Rad1 a6 11. h3 {White is slightly better.} Qc7 (11... h6 $11 12. Bf4 cxd4 13. exd4 Qc7) 12. d5 $14 {[#]} Rad8 $146 ({Predecessor:} 12... Rfe8 13. Bf4 b5 14. cxb5 axb5 15. Bxb5 Reb8 16. e4 {½-½ (16) Necada,M (2159)-Grekso,M Banska Stiavnica 2007}) 13. Nh2 e5 ({Black should try} 13... Rde8 $14) 14. Ng4 Rde8 15. Nh6+ Kh8 16. e4 Ng8 17. Nxg8 Kxg8 18. g4 Bc8 19. Rd3 h6 20. Bh4 ({White should play} 20. Bd2 $16) 20... Nf6 {[%cal Bd7f6,Bf6h7,Bh7f8,Bf8g6,Bg6f4][%mdl 32]} 21. Qd2 Nh7 22. Kh2 Bd7 23. Rf3 Rb8 24. a4 g5 25. Bg3 Rfe8 26. b3 Nf8 27. Nd1 {[%cal Bc3d1,Bd1e3,Be3f5][%mdl 32]} Ng6 28. Ne3 Nf4 29. Nf5 b5 30. axb5 (30. Bxf4 $11 {is superior.} exf4 31. cxb5) 30... axb5 $15 31. Rc3 b4 32. Rcc1 Bxf5 33. gxf5 Ra8 34. Ra1 Ra3 35. Rfb1 (35. Rab1 $142) 35... Rea8 $17 {Black is much more active.} 36. Rxa3 Rxa3 (36... bxa3 $17 37. Ra1 h5) 37. Bd1 Qa5 38. Rb2 (38. h4 $15) 38... Ra1 {[#] White must now prevent ...Qa3.} 39. Bf3 $2 {[%mdl 8192] Now White is beyond hope.} (39. Bc2 $17 {was the crucial defense.}) 39... Qa3 $19 {[%cal Of4d3]} 40. Be2 h5 {Strongly threatening ...h4.} 41. h4 $2 (41. f3 h4 42. Bf2) 41... g4 42. f3 gxf3 (42... Nxe2 $142 43. Qxe2 gxf3) 43. Bxf3 Bh6 44. Bg2 Kh7 {[%cal Of4d3] [#] And now ...Nd3! would win.} 45. Qc2 f6 {aiming for ...Kg7.} 46. Bxf4 (46. Qd2 $142 Kg7 47. Qc2) 46... Bxf4+ 47. Kh3 Rc1 {[%cal Ba1c1,Bc1g1,Bg1g2][%mdl 32]} ({And not} 47... Rg1 48. Rb1 Rxb1 49. Qxb1 $11) 48. Qe2 Kh6 {Black mates.} 49. Bf3 Qa1 50. Qg2 Rg1 51. Ra2 Rxg2 {Weighted Error Value: White=0.67/Black=0.21 (precise)} 0-1

[Event "26th Bosnjaci Open 2022"]
[Site "Bosnjaci"]
[Date "2022.01.03"]
[Round "1.15"]
[White "Simrak, Tomislav"]
[Black "Dabic, Stjepan"]
[Result "0-1"]
[WhiteElo "1745"]
[BlackElo "2161"]
[Annotator "TA"]
[PlyCount "102"]
[EventDate "2022.01.03"]
[EventType "swiss"]
[EventCountry "CRO"]
[SourceTitle "playchess.com"]
[Source "ChessBase"]
[SourceQuality "1"]

{[%evp 15,102,9,41,44,58,45,58,22,73,76,81,62,108,83,101,72,67,72,80,77,73,65,67,72,97,23,22,9,28,5,10,0,0,0,8,7,16,-1,-8,-11,0,-4,-8,-8,0,-32,-32,-68,-62,-68,-68,-61,-54,-93,-94,-137,-137,-139,-62,-87,-62,-189,-167,-370,-397,-389,-380,-525,-576,-1089,-588,-552,-525,-580,-433,-537,-512,-29982,-181,-29983,-29984,-29984,-29985,-29985,-29986,-29986,-29987,-29993,-29994]} 1. d4 Nf6 2. Nf3 g6 3. c4 Bg7 4. Nc3 d6 5. Bg5 O-O 6. e3 Nbd7 7. Be2 b6 8. O-O Bb7 (8... h6 $5 {[%cal Rh6g5]} 9. Bh4 Bb7 $11) 9. Qc2 {E61: King's Indian: Early deviations for White, including Smyslov System.} c5 10. Rad1 a6 11. h3 {White is slightly better.} Qc7 (11... cxd4 $11 12. Nxd4 Rc8) 12. d5 $16 {[#]} Rad8 $146 ({Predecessor:} 12... Rfe8 13. Bf4 b5 14. cxb5 axb5 15. Bxb5 Reb8 16. e4 {½-½ (16) Necada,M (2159)-Grekso,M Banska Stiavnica 2007}) 13. Nh2 e5 (13... Rfe8 $14) 14. Ng4 Rde8 15. Nh6+ Kh8 16. e4 $1 Ng8 17. Nxg8 Kxg8 18. g4 Bc8 19. Rd3 h6 20. Bh4 (20. Bd2 $16) 20... Nf6 $11 {[%cal Bd7f6,Bf6h7,Bh7f8,Bf8g6,Bg6f4][%mdl 32]} 21. Qd2 Nh7 22. Kh2 Bd7 23. Rf3 Rb8 24. a4 g5 25. Bg3 Rfe8 26. b3 Nf8 27. Nd1 {[%cal Bc3d1,Bd1e3,Be3f5][%mdl 32]} Ng6 28. Ne3 Nf4 29. Nf5 b5 30. axb5 axb5 31. Rc3 b4 32. Rcc1 Bxf5 33. gxf5 Ra8 34. Ra1 Ra3 35. Rfb1 ({White should play} 35. Rab1) 35... Rea8 $17 {Black is much more active.} 36. Rxa3 Rxa3 (36... bxa3 $17 37. Ra1 h5) 37. Bd1 Qa5 38. Rb2 {This move loses the game for White.} (38. h4 $15) 38... Ra1 $19 {[#] And now ...Qa3 would win.} 39. Bf3 $2 (39. Bc2) 39... Qa3 {[%cal Of4d3] aiming for ...Nd3!} 40. Be2 {Inhibits Nd3.} h5 {White must now prevent ...h4.} 41. h4 g4 42. f3 gxf3 43. Bxf3 Bh6 44. Bg2 Kh7 45. Qc2 f6 46. Bxf4 {[#]} (46. Qf2 $19 Kg7 47. Qc2) 46... Bxf4+ 47. Kh3 Rc1 {Black mates.} ({Weaker is} 47... Rg1 48. Rb1 Rxb1 49. Qxb1 $11) 48. Qe2 Kh6 49. Bf3 Qa1 50. Qg2 Rg1 51. Ra2 Rxg2 {Weighted Error Value: White=0.52/Black=0.23 (precise)} 0-1

[Event "26th Bosnjaci Open 2022"]
[Site "Bosnjaci"]
[Date "2022.01.04"]
[Round "2.1"]
[White "Tukovic, Dario"]
[Black "Saric, Ante"]
[Result "0-1"]
[WhiteElo "2017"]
[BlackElo "2530"]
[Annotator "TA"]
[PlyCount "86"]
[EventDate "2022.01.03"]
[EventType "swiss"]
[EventCountry "CRO"]
[SourceTitle "playchess.com"]
[Source "ChessBase"]
[SourceQuality "1"]

{[%evp 18,85,-14,-14,0,-49,-15,-38,-33,-55,-5,-5,0,-337,-325,-327,-326,-422,-431,-435,-360,-406,-402,-399,-385,-479,-379,-493,-479,-523,-533,-499,-500,-597,-590,-793,-729,-722,-795,-802,-801,-791,-792,-791,-785,-795,-792,-909,-887,-968,-968,-1854,-1372,-2737,-2272,-2739,-2563,-2122,-1630,-29984,-29985,-29985,-29986,-29986,-29985,-29993,-29986,-29994,-29995,-29999]} 1. d4 Nf6 2. c4 e6 3. Nc3 Bb4 4. Qc2 d6 5. a3 Bxc3+ 6. Qxc3 O-O 7. Bg5 Nbd7 8. Nf3 b6 9. e3 Bb7 10. Be2 Rc8 {[%cal Of6e4] [#] E32: Nimzo-Indian: Classical (4 Qc2): 4...0-0.} 11. Bf4 $146 (11. Bxf6 $11 Nxf6 12. O-O) ({Predecessor:} 11. Qb3 h6 12. Bh4 c5 13. O-O Qe7 14. Rfd1 g5 15. Bg3 Ne4 16. Nd2 Nxg3 17. hxg3 cxd4 18. exd4 {½-½ (59) Nguyen,A (2542)-Cheparinov,I (2635) Turin 2006}) 11... Qe7 12. O-O Ne4 {Black is slightly better.} 13. Qc2 e5 (13... g5 $15 14. Bg3 (14. Bd3 f5 $15) 14... h5) 14. Bg3 $11 f5 15. Bd3 $2 {[%mdl 8192] [#] Black keeps a firm grip on the game.} (15. c5 $11 Nxg3 16. hxg3 dxc5 17. dxe5) 15... Nxg3 $19 16. hxg3 e4 17. c5 exd3 ({Inferior is} 17... exf3 18. c6 fxg2 19. Rfd1 $17) 18. Qc4+ d5 19. Qxd3 bxc5 20. Qb5 Rb8 21. dxc5 a6 22. Qa4 Nxc5 23. Qb4 Ba8 24. Qf4 Nd3 25. Qd4 Nxb2 26. Ne5 c5 27. Qc3 Na4 28. Qa5 Qxe5 29. Qxa4 Qe4 30. Qxe4 fxe4 31. Rac1 c4 32. f3 exf3 33. gxf3 Rb3 {[%csl LRa3,LRe3]} 34. e4 Rfxf3 35. Rxf3 Rxf3 36. exd5 Bxd5 {[%mdl 4096] [#] Endgame ( -> ...c3). KRB-KR} 37. Rd1 Rxg3+ 38. Kh2 Rd3 {Black mates.} 39. Rb1 c3 40. a4 c2 41. Rb8+ Kf7 42. a5 Rd2+ 43. Kg1 c1=Q# {Weighted Error Value: White=0.71/Black=0.14 (very precise)} 0-1

[Event "26th Bosnjaci Open 2022"]
[Site "Bosnjaci"]
[Date "2022.01.04"]
[Round "2.2"]
[White "Tica, Sven"]
[Black "Kovacevic, Srecko"]
[Result "1-0"]
[WhiteElo "2419"]
[BlackElo "2026"]
[Annotator "ChessBase"]
[PlyCount "69"]
[EventDate "2022.01.03"]
[EventType "swiss"]
[EventCountry "CRO"]
[SourceTitle "playchess.com"]
[Source "ChessBase"]
[SourceQuality "1"]
[TimeControl "5400+30"]

1. d4 Nf6 2. c4 d6 3. Nc3 c6 4. g3 Qc7 5. Bg2 e5 6. Nf3 Be7 7. O-O O-O 8. h3 h6 9. e4 Nbd7 10. Be3 Re8 11. Rc1 Bf8 12. a3 g6 13. b4 exd4 14. Nxd4 Ne5 15. Qb3 Be6 16. Nxe6 fxe6 17. f4 Ned7 18. Rcd1 a6 19. e5 Nh7 20. Qc2 d5 21. Qxg6+ Bg7 22. cxd5 cxd5 23. Rc1 Nhf8 24. Qd3 Qd8 25. Bf3 Rc8 26. Bh5 Re7 27. Na4 b5 28. Nc5 Nxc5 29. Bxc5 Rd7 30. Bg4 Rdc7 31. Bb6 Rxc1 32. Bxd8 Rxf1+ 33. Kxf1 Rxd8 34. Qd4 Rc8 35. Qb6 1-0

[Event "26th Bosnjaci Open 2022"]
[Site "Bosnjaci"]
[Date "2022.01.04"]
[Round "2.3"]
[White "Pasalic, Adnan"]
[Black "Kovacevic, Blazimir"]
[Result "0-1"]
[WhiteElo "1983"]
[BlackElo "2399"]
[Annotator "ChessBase"]
[PlyCount "72"]
[EventDate "2022.01.03"]
[EventType "swiss"]
[EventCountry "CRO"]
[SourceTitle "playchess.com"]
[Source "ChessBase"]
[SourceQuality "1"]
[TimeControl "5400+30"]

1. d4 e6 2. c4 f5 3. Nf3 Nf6 4. g3 Be7 5. Bg2 O-O 6. O-O Ne4 7. Nc3 Nxc3 8. bxc3 Nc6 9. a4 Na5 10. Nd2 d6 11. f4 e5 12. Nb3 c6 13. c5 e4 14. cxd6 Bxd6 15. Nxa5 Qxa5 16. Qb3+ Qd5 17. Rb1 b6 18. Rd1 Ba6 19. Bf1 Bc4 20. Qc2 b5 21. e3 Rab8 22. Bd2 Rfc8 23. Bxc4 bxc4 24. Rxb8 Rxb8 25. Rb1 Rb3 26. Rxb3 cxb3 27. c4 bxc2 28. cxd5 cxd5 29. Bc1 Kf7 30. Kf1 Bb4 31. Ke2 Ke6 32. h3 Kd7 33. g4 g6 34. Kf2 Kc6 35. gxf5 gxf5 36. Kg3 Be1+ 0-1

[Event "26th Bosnjaci Open 2022"]
[Site "Bosnjaci"]
[Date "2022.01.04"]
[Round "2.4"]
[White "Zovko, Mario"]
[Black "Pestek, Elvis"]
[Result "1-0"]
[WhiteElo "2297"]
[BlackElo "2005"]
[Annotator "ChessBase"]
[PlyCount "95"]
[EventDate "2022.01.03"]
[EventType "swiss"]
[EventCountry "CRO"]
[SourceTitle "playchess.com"]
[Source "ChessBase"]
[SourceQuality "1"]
[TimeControl "5400+30"]

1. e4 e6 2. d4 d5 3. Nd2 Nf6 4. e5 Nfd7 5. Bd3 c5 6. c3 Nc6 7. Ne2 Qb6 8. Nf3 Be7 9. O-O O-O 10. Re1 f5 11. exf6 Nxf6 12. Nf4 Nd8 13. Ne5 cxd4 14. cxd4 Nf7 15. Bc2 Nd6 16. Rb1 Nf5 17. Bxf5 exf5 18. Neg6 Bb4 19. Nxf8 Bxe1 20. Qxe1 Kxf8 21. Qd1 Be6 22. Be3 Bf7 23. Nd3 Rc8 24. Ne5 Kg8 25. h3 h6 26. Rc1 Qe6 27. Rc2 Rxc2 28. Qxc2 Ne8 29. Qc5 a6 30. Bd2 Qd6 31. Qc8 Qe7 32. Qxf5 Be6 33. Qg6 Kh8 34. f4 Bg8 35. Qxh6+ gxh6 36. Ng6+ Kg7 37. Nxe7 Bf7 38. Nf5+ Kg6 39. g4 Be6 40. Ng3 Kh7 41. Bb4 Nf6 42. Kf2 Ne4+ 43. Nxe4 dxe4 44. Ke3 Bd5 45. f5 h5 46. g5 Bc6 47. Kf4 Kg7 48. h4 1-0

[Event "26th Bosnjaci Open 2022"]
[Site "Bosnjaci"]
[Date "2022.01.04"]
[Round "2.5"]
[White "Dvorski, Renato"]
[Black "Stocko, Josip"]
[Result "0-1"]
[WhiteElo "1972"]
[BlackElo "2231"]
[Annotator "ChessBase"]
[PlyCount "94"]
[EventDate "2022.01.03"]
[EventType "swiss"]
[EventCountry "CRO"]
[SourceTitle "playchess.com"]
[Source "ChessBase"]
[SourceQuality "1"]
[TimeControl "5400+30"]

1. d4 Nf6 2. e3 d5 3. Bd3 g6 4. c3 Bg7 5. f4 O-O 6. Nf3 b6 7. Ne5 Ba6 8. O-O Bxd3 9. Qxd3 c5 10. Nd2 Qc8 11. b3 Qa6 12. Bb2 Rc8 13. Qxa6 Nxa6 14. Rac1 Rc7 15. a3 Ne8 16. Nd3 Nd6 17. b4 Rac8 18. Rfe1 e6 19. Kf1 h6 20. Ke2 f6 21. g3 g5 22. Rf1 cxd4 23. cxd4 Nc4 24. Rc2 Nb8 25. Rfc1 Nd7 26. Nxc4 dxc4 27. Nf2 gxf4 28. gxf4 f5 29. Kf3 Nf6 30. Bc3 Nd5 31. Rg1 Kh7 32. Nd1 b5 33. Rcg2 Bf6 34. Rg6 Rg7 35. Rxg7+ Bxg7 36. Rg2 Bf6 37. Rc2 Bh4 38. Rg2 Be7 39. Rc2 a5 40. Rb2 axb4 41. Bxb4 Bxb4 42. axb4 Ra8 43. Ke2 Ra3 44. Rb1 Kg6 45. h3 Kh5 46. Kd2 Kh4 47. Rc1 Kxh3 0-1

[Event "26th Bosnjaci Open 2022"]
[Site "Bosnjaci"]
[Date "2022.01.04"]
[Round "2.6"]
[White "Bobanac, Miro"]
[Black "Dubrovic, Mihovil"]
[Result "1-0"]
[WhiteElo "2261"]
[BlackElo "1975"]
[Annotator "ChessBase"]
[PlyCount "75"]
[EventDate "2022.01.03"]
[EventType "swiss"]
[EventCountry "CRO"]
[SourceTitle "playchess.com"]
[Source "ChessBase"]
[SourceQuality "1"]
[TimeControl "5400+30"]

1. Nf3 Nf6 2. b3 e6 3. Bb2 Be7 4. d4 b6 5. g3 Bb7 6. Bg2 d6 7. O-O Nbd7 8. Nbd2 O-O 9. c4 Ne4 10. Qc2 f5 11. d5 Nxd2 12. Nxd2 e5 13. Bh3 f4 14. Bf5 Nf6 15. Nf3 Bc8 16. Ng5 h6 17. Be6+ Bxe6 18. Nxe6 Qd7 19. gxf4 Rf7 20. Kh1 c6 21. e4 cxd5 22. exd5 Ne8 23. fxe5 dxe5 24. Bxe5 Bf6 25. f4 b5 26. Qg2 bxc4 27. bxc4 Rc8 28. c5 Nc7 29. Nxc7 Rxc7 30. c6 Qc8 31. Rac1 Bxe5 32. fxe5 Qa6 33. Rxf7 Rxf7 34. c7 Rf8 35. d6 Qa3 36. c8=Q Rxc8 37. Rxc8+ Kh7 38. Qc2+ 1-0

[Event "26th Bosnjaci Open 2022"]
[Site "Bosnjaci"]
[Date "2022.01.04"]
[Round "2.7"]
[White "Lacmanovic, Stipe"]
[Black "Zadravec, Matija"]
[Result "0-1"]
[WhiteElo "1963"]
[BlackElo "2249"]
[Annotator "ChessBase"]
[PlyCount "48"]
[EventDate "2022.01.03"]
[EventType "swiss"]
[EventCountry "CRO"]
[SourceTitle "playchess.com"]
[Source "ChessBase"]
[SourceQuality "1"]
[TimeControl "5400+30"]

1. e4 c5 2. Nf3 g6 3. d4 cxd4 4. Nxd4 Nc6 5. Nxc6 bxc6 6. Qd4 Nf6 7. e5 Nd5 8. e6 f6 9. c4 Nc7 10. exd7+ Bxd7 11. Be2 e5 12. Qe4 Bg7 13. O-O O-O 14. Rd1 Ne6 15. Be3 Rf7 16. f3 f5 17. Qd3 Nd4 18. Nc3 Rb8 19. b3 c5 20. Rac1 Bc6 21. Qd2 Rd7 22. Nd5 Kh8 23. Kh1 Bxd5 24. Bxd4 Ba8 0-1

[Event "26th Bosnjaci Open 2022"]
[Site "Bosnjaci"]
[Date "2022.01.04"]
[Round "2.8"]
[White "Sipic, Hrvoje"]
[Black "Lazic, Emanuel"]
[Result "1-0"]
[WhiteElo "2221"]
[BlackElo "1995"]
[Annotator "ChessBase"]
[PlyCount "63"]
[EventDate "2022.01.03"]
[EventType "swiss"]
[EventCountry "CRO"]
[SourceTitle "playchess.com"]
[Source "ChessBase"]
[SourceQuality "1"]
[TimeControl "5400+30"]

1. d4 Nf6 2. Nf3 c5 3. c3 d5 4. Bf4 e6 5. e3 Be7 6. h3 b6 7. Nbd2 O-O 8. Bd3 Bb7 9. O-O Nh5 10. Bh2 g6 11. Qe2 Bd6 12. Ne5 Ng7 13. f4 Qc7 14. Ndf3 f6 15. Ng4 c4 16. Bc2 Nd7 17. Qe1 Rae8 18. Nh6+ Kh8 19. g4 f5 20. Qh4 Be7 21. Ng5 Bxg5 22. fxg5 Qc6 23. Qg3 Rc8 24. Rf2 Ne8 25. Raf1 Qc7 26. Qh4 Qc6 27. gxf5 exf5 28. Nxf5 gxf5 29. Rxf5 Rg8 30. Rf7 Rxg5+ 31. Qxg5 Nef6 32. Qg7# 1-0

[Event "26th Bosnjaci Open 2022"]
[Site "Bosnjaci"]
[Date "2022.01.04"]
[Round "2.9"]
[White "Matanovic, Zlatko"]
[Black "Lalic, Kristijan"]
[Result "0-1"]
[WhiteElo "1952"]
[BlackElo "2215"]
[Annotator "ChessBase"]
[PlyCount "104"]
[EventDate "2022.01.03"]
[EventType "swiss"]
[EventCountry "CRO"]
[SourceTitle "playchess.com"]
[Source "ChessBase"]
[SourceQuality "1"]
[TimeControl "5400+30"]

1. d4 Nf6 2. Nf3 g6 3. Nc3 d5 4. Bg5 Bg7 5. e3 O-O 6. Bd3 c5 7. dxc5 Qa5 8. O-O Qxc5 9. Na4 Qa5 10. c3 Nc6 11. a3 e5 12. b4 Qc7 13. Bxf6 Bxf6 14. e4 dxe4 15. Bxe4 Bg7 16. Qb3 Be6 17. Bd5 Bxd5 18. Qxd5 Rad8 19. Qc4 Qd6 20. h3 h6 21. Rad1 Qe7 22. Nc5 Kh7 23. Rd2 Rxd2 24. Nxd2 Rd8 25. Nf3 b6 26. Ne4 Qd7 27. Ng3 f5 28. Qh4 e4 29. b5 Ne5 30. Nd4 Qd6 31. Ngxf5 gxf5 32. Nxf5 Qd3 33. Nxg7 Kxg7 34. Qe7+ Nf7 35. Re1 Rd5 36. Rxe4 Rxb5 37. Rg4+ Rg5 38. Rf4 Qd5 39. g4 b5 40. a4 a6 41. axb5 axb5 42. Kh2 Rg6 43. Kg3 Rc6 44. Rf5 Qd6+ 45. Qxd6 Nxd6 46. Rd5 Ne4+ 47. Kf4 Nxc3 48. Rd7+ Kf6 49. h4 Rb6 50. Ke3 b4 51. Kd3 b3 52. Kxc3 b2 0-1

[Event "26th Bosnjaci Open 2022"]
[Site "Bosnjaci"]
[Date "2022.01.04"]
[Round "2.10"]
[White "Vidovic, Sasa"]
[Black "Damjanovic, Stjepan"]
[Result "1/2-1/2"]
[WhiteElo "2206"]
[BlackElo "2002"]
[Annotator "ChessBase"]
[PlyCount "176"]
[EventDate "2022.01.03"]
[EventType "swiss"]
[EventCountry "CRO"]
[SourceTitle "playchess.com"]
[Source "ChessBase"]
[SourceQuality "1"]
[TimeControl "5400+30"]

1. d4 Nf6 2. Bg5 d5 3. Bxf6 exf6 4. e3 Bd6 5. Nf3 O-O 6. Be2 Be6 7. O-O Nd7 8. c4 c6 9. cxd5 cxd5 10. Nc3 f5 11. g3 Nf6 12. Qb3 b6 13. Rac1 Qe7 14. Ba6 Rad8 15. Rc2 Bb8 16. Rfc1 Ne4 17. Ne2 g5 18. Qa4 Qf6 19. Ne5 Bxe5 20. dxe5 Qxe5 21. Qd4 Qxd4 22. Nxd4 Nc5 23. Be2 a5 24. b3 Kg7 25. a3 Kf6 26. b4 axb4 27. axb4 Ne4 28. f3 Nd6 29. Rc6 Rc8 30. R1c2 Nc4 31. Bxc4 Rxc6 32. Nxc6 dxc4 33. b5 Ra8 34. Nd4 Ra4 35. Kf2 Bd5 36. Ke2 Ra3 37. Kd2 Rd3+ 38. Ke2 f4 39. gxf4 gxf4 40. Rd2 Rxe3+ 41. Kf2 Rd3 42. Ke2 Re3+ 43. Kf2 c3 44. Rc2 Rd3 45. Ne2 Rxf3+ 46. Ke1 Bb3 47. Rxc3 Rxc3 48. Nxc3 Kf5 49. Kf2 Kg4 50. Ne4 Bc4 51. Nd6 Be6 52. Ne4 h5 53. Nc3 Bb3 54. Ne4 h4 55. Nf6+ Kh3 56. Kg1 Be6 57. Ne4 Kg4 58. Kf2 f5 59. h3+ Kh5 60. Nc3 Bb3 61. Ke2 Kg5 62. Kf3 Bc2 63. Kf2 Bd3 64. Kf3 Bc4 65. Kf2 Bd3 66. Kf3 Bf1 67. Kf2 Bxh3 68. Nd5 Bg4 69. Nxb6 Bd1 70. Nc4 Ba4 71. b6 Bc6 72. Ne5 Bb7 73. Nf7+ Kg4 74. Ne5+ Kh5 75. Nd3 h3 76. Kg1 Kg4 77. Kh2 Kf3 78. Nc5 Ke2 79. Nxb7 f3 80. Nd6 f4 81. b7 f2 82. b8=Q f1=Q 83. Qb5+ Ke1 84. Qb4+ Ke2 85. Qc4+ Ke1 86. Qc1+ Ke2 87. Qc4+ Ke1 88. Qc1+ Ke2 1/2-1/2